| 000 | 01236nam a2200301 i 4500 | ||
|---|---|---|---|
| 003 | EG-GICUC | ||
| 005 | 20260121101431.0 | ||
| 008 | 251205s2007 ua ||||fr|||| 00| 0 ara d | ||
| 040 |
_a EG-GICUC _bara _c EG-GICUC _d EG-GICUC _erda |
||
| 041 | 0 | _aara | |
| 082 | 0 | 4 |
_221 _a345.3 _bط ا . ش |
| 092 | 0 | 4 | _221 |
| 099 | _aLaw1 07 345.3 ط ا . ش 2007 | ||
| 100 | 0 |
_aطارق إبراهيم الدسوقي عطية _eمؤلف. |
|
| 245 | 1 | 0 |
_aشخصية ضابط الشرطة : _bبين الواقع والمأمول (دراسة قانونية - نفسية - إحصائية - تحليلية) / _cدكتور طارق إبراهيم الدسوقى عطية. |
| 264 | 1 |
_aالإسكندرية : _bدار الجامعة الجديدة للنشر، _c2007. |
|
| 300 |
_a640 ؛صفحة _c24 سم. |
||
| 336 |
_2rda content _atext |
||
| 337 |
_2rda media _aComputer |
||
| 338 |
_2rda carrier _aOnline Resource |
||
| 504 | _aيشتمل على إرجاعات ببليوجرافية. | ||
| 546 | _aالنص باللغة العربية | ||
| 650 | 1 | 4 | _aالنشاط الإداري |
| 650 | 1 | 4 | _aالقانون الإداري |
| 856 | 4 | 0 | _uhttps://fll.law.cu.edu.eg/fulltext/bks/B07-01257.pdf |
| 905 |
_a32 _eYara |
||
| 942 |
_2ddc _cBK _e21 _n0 |
||
| 999 |
_c48445 _d48445 |
||